| 000 -LEADER |
| fixed length control field |
00555nam a22001577a 4500 |
| 005 - DATE AND TIME OF LATEST TRANSACTION |
| control field |
20230807102924.0 |
| 008 - FIXED-LENGTH DATA ELEMENTS--GENERAL INFORMATION |
| fixed length control field |
230804s1959 gw ||||| |||| 00| 0 ger d |
| 041 ## - LANGUAGE CODE |
| Language code of text/sound track or separate title |
ger |
| 080 ## - UNIVERSAL DECIMAL CLASSIFICATION NUMBER |
| Universal Decimal Classification number |
902/904 D-64 |
| 100 ## - MAIN ENTRY--PERSONAL NAME |
| Personal name |
Dittrich, K. |
| 9 (RLIN) |
19613 |
| 245 ## - TITLE STATEMENT |
| Title |
Antike Münzen aus Olbia und Pantikapäum / |
| Statement of responsibility, etc. |
Hrbas, Milos; Marco J. Dittrich, K.(Karel) (Text). |
| 264 ## - PRODUCTION, PUBLICATION, DISTRIBUTION, MANUFACTURE, AND COPYRIGHT NOTICE |
| Date of production, publication, distribution, manufacture, or copyright notice |
1959. |
| 300 ## - PHYSICAL DESCRIPTION |
| Extent |
173p. |
| Other physical details |
28 cm. |
| 653 ## - INDEX TERM--UNCONTROLLED |
| keyword |
უძველესი მონეტები ოლბიიდან და პანტიკაპეუმიდან |
| 942 ## - ADDED ENTRY ELEMENTS (KOHA) |
| Source of classification or shelving scheme |
|
| Koha item type |
წიგნი |